000 00425pab a2200169 454500
008 180718b2011 xxu||||| |||| 00| 0 eng d
100 _aGowda, M.V. Rajeev
245 _aKarnataka: descent into democratic decadence
260 _c2011
300 _ap.42-46.
362 _aApr
650 _aKarnataka - Politics and government
650 _aPolitics and government
773 _aSeminar
908 _aN
909 _a91505
999 _c91505
_d91505